| 000 | 00599nam a22002057a 4500 | ||
|---|---|---|---|
| 003 | 0 | ||
| 005 | 20230912120139.0 | ||
| 008 | 230912b xxu||||| |||| 00| 0 eng d | ||
| 020 | _a978-1-78831-273-8 | ||
| 050 |
_aPS 310 _b.F56 2023 |
||
| 100 | _aFinn, Howard | ||
| 245 |
_aCinematic modernism and contemporary film _cHoward Finn |
||
| 260 |
_aLondon _bBloomsbury Publishing _cc2023. |
||
| 300 |
_aviii, 324 pages ; _c24 cm. |
||
| 500 | _aCinematic. | ||
| 504 | _aIncludes bibliographical references and index. | ||
| 650 | _aCinematic. | ||
| 650 | _aContemporary film. | ||
| 942 |
_2lcc _cBK |
||
| 999 |
_c365278 _d365278 |
||